Automotive General knowledge - Statistics

General Stats
  • This quiz has been taken 233 times
  • The average score is 9 of 15
Answer Stats
Question Answer % Correct
What does the acronym BHP stand for? Brake Horsepower
82%
Which of the following would increase a car's power output? A supercharger
78%
Porsche is part of which automotive giant? Volkswagen Group
78%
The first 500 - 1000 miles you put on a brand new car are said to be... Break-in miles
73%
What is the most powerful production Chevrolet Corvette to date? ZR1
73%
A turbo is a form of what? Forced Induction
71%
Which of the following Audi models does NOT exists? RS8
71%
A form of racing based on a 1320 feet straight line run, is more commonly known as... 1/4 mile drag race
67%
Also known as "Motown", which of the following US cities is home to the big three automotive giants Detroit
64%
The main function of motor oil is to... All of the above
47%
Which of the following is NOT a real engine displacement for a Ford Mustang? 4.3L
44%
What does AMG stand for in the world of Mercedes Benz? Aufrecht Melcher Grossaspach
40%
What does JEEP stand for? Just Enough Essential Parts
29%
Which of the following Mercedes Benz models does not exist? E 63S AMG Coupe
24%
If a car has a low Air/Fuel ratio, it is said to be running... Rich
20%
No matching quizzes found
Score Distribution
Percent of People with Each Score
Percentile by Number Answered
Your Score History
You have not taken this quiz